00482nam a2200145 i 450000100060000000300090000600500170001500700030003200800410003510000330007624501460010926000360025530000210029185200240031230302ES-MaACL20230906154154.0t|030124s1926 sp ||||1| spa d1 aBassols de Climent, Mariano.10aEstudio acerca de los adjetivos y predicados verbales que expresan idea de blancura en los poetas latinos / cpor Mariano Bassols de Climent. aBarcelona : bEmporium, c1926. a59 p. ; c24 cm. aES-MaACLj1723-F-20